Statistics for Northern Hemisphere... or Southern Hemisphere?

Click here to take the quiz!

General Stats

  • This quiz has been taken 14,954 times
    (14,811 since last reset)
  • The average score is 15 of 18

Answer Stats

Question Answer % Correct
LondonNorthern
100%
GreenlandNorthern
100%
Rio de JaneiroSouthern
97%
AntarcticaSouthern
96%
Death ValleyNorthern
95%
Mount EverestNorthern
93%
Pyramids of GizaNorthern
92%
AngolaSouthern
92%
TanzaniaSouthern
91%
Easter IslandSouthern
87%
PanamaNorthern
86%
Machu PicchuSouthern
83%
IndiaNorthern
82%
NigeriaNorthern
79%
Kalahari DesertSouthern
78%
Tropic of CapricornSouthern
72%
ManilaNorthern
65%
Mariana TrenchNorthern
55%

Score Distribution

Percentile by Number Answered

Percent of People with Each Score

Your Score History

You have not taken this quiz since the last reset